Multiplikačný efekt využitia biomasy v regionálnom rozvoji [zborník príspevkov] : medzinárodná vedecká konferencia : 8.-10.10.2012, Kapušany pri Prešove, Bardejovské Kúpele

Enregistré dans:
Détails bibliographiques
Collectivités auteurs: Multiplikačný efekt využitia biomasy v regionálnom rozvoji. Medzinárodná vedecká konferencia, Ekonomická univerzita v Bratislave, Výskumno-vývojové a informačné centrum bioenergie
Autres auteurs: Koštial, Imrich, Víglaský, Jozef
Format: Livre
Langue:slovaque
anglais
polonais
Publié: Bratislava Vydavateľstvo EKONÓM 2012
Édition:1. vyd.
Sujets:
Tags: Ajouter un tag
Pas de tags, Soyez le premier à ajouter un tag!

MARC

LEADER 00000nam a2200000 4500
001 0223415
005 20240318114531.4
020 |a 978-80-225-3615-8 
041 0 |a slo 
041 0 |a eng 
041 0 |a pol 
044 |a SK 
245 1 0 |a Multiplikačný efekt využitia biomasy v regionálnom rozvoji  |b [zborník príspevkov] : medzinárodná vedecká konferencia : 8.-10.10.2012, Kapušany pri Prešove, Bardejovské Kúpele  |c recenzenti: Imrich Koštial, Jozef Víglaský 
250 |a 1. vyd. 
264 1 |a Bratislava  |b Vydavateľstvo EKONÓM  |c 2012 
300 |a 202 s. 
610 2 0 |a rozvoj regionálny 
610 2 0 |a biomasa 
610 2 0 |a pôda 
610 2 0 |a pôda poľnohospodárska 
610 2 0 |a bioenergetika 
610 2 0 |a lesy 
610 2 0 |a podnik malý 
610 2 0 |a podnik stredný 
610 2 0 |a inovácia 
700 1 |a Koštial, Imrich 
700 1 |a Víglaský, Jozef 
110 2 |a Multiplikačný efekt využitia biomasy v regionálnom rozvoji. Medzinárodná vedecká konferencia 
710 2 |a Ekonomická univerzita v Bratislave 
710 2 |a Výskumno-vývojové a informačné centrum bioenergie